| 000 | 00484nam a2200181Ia 4500 | ||
|---|---|---|---|
| 001 | 21478 | ||
| 005 | 20260306172922.0 | ||
| 008 | 260306t2014||||xx |||||||||||||| ||spa|| | ||
| 041 | _aESP | ||
| 082 |
_a345.1 _bO64 T. 2 |
||
| 100 |
_aOré Guardia, Arsenio _eAUT |
||
| 245 | 0 |
_aManual de derecho procesal penal.: _blas medidas de coerción en el proceso penal |
|
| 260 | _c2014 | ||
| 300 |
_a364 páginas : _c24 cm. |
||
| 650 | _aGEN | ||
| 654 | _aCDE | ||
| 942 |
_cLIB _dJUS _fJUS _2ddc _n |
||
| 999 |
_c21478 _d21478 |
||